Подробности
| 000 -МАРКЕР |
| контрольное поле |
02009nam2a2200349 4500 |
| 001 - ИДЕНТИФИКАТОР ЗАПИСИ |
| контрольное поле |
RU\NLR\bibl\1173405 |
| 005 - ИДЕНТИФИКАТОР ВЕРСИИ |
| контрольное поле |
20250615090105.0 |
| 021 ## - НОМЕР ГОСУДАРСТВЕННОЙ РЕГИСТРАЦИИ |
| Код страны |
Российская Федерация |
| Номер |
2007-79014 |
| Номер Листа государственной регистраци |
4254 |
| 035 ## - ДРУГИЕ СИСТЕМНЫЕ НОМЕРА |
| Идентификатор записи |
(NLR Aleph) 001160076 |
| 100 ## - ДАННЫЕ ОБЩЕЙ ОБРАБОТКИ |
| Данные общей обработки |
20080109d2007 |||y0rusy50 ca |
| 101 0# - ЯЗЫК РЕСУРСА |
| Язык текста, звукозаписи и т.д. |
русский |
| 102 ## - СТРАНА ПУБЛИКАЦИИ ИЛИ ПРОИЗВОДСТВА |
| Страна публикации |
Российская Федерация |
| 105 ## - ПОЛЕ КОДИРОВАННЫХ ДАННЫХ: ТЕКСТОВЫЕ МАТЕРИАЛЫ, МОНОГРАФИЧЕСКИЕ |
| Кодированные данные о монографическом текстовом документе |
y ||||||||| |
| 200 1# - ЗАГЛАВИЕ И СВЕДЕНИЯ ОБ ОТВЕТСТВЕННОСТИ |
| Основное заглавие |
Конопля |
| Сведения, относящиеся к заглавию |
характеристика образцов по биохимическим и другим селекционно-ценным признакам |
| Первые сведения об ответственности |
[сост.: к.б.н. Г.К. Низова и С.В. Григорьев] |
| 210 ## - ПУБЛИКАЦИЯ, РАСПРОСТРАНЕНИЕ И ДР. |
| Дата издания, распространения и т.д. |
2007 |
| Место издания, распространения и т.д. |
Б. м. |
| 215 ## - ФИЗИЧЕСКАЯ ХАРАКТЕРИСТИКА |
| Специфическое обозначение материала и объем |
29, [1] с. |
| 320 ## - ПРИМЕЧАНИЯ О НАЛИЧИИ В ДОКУМЕНТЕ БИБЛИОГРАФИИ / УКАЗАТЕЛЯ |
| Текст примечания |
Алф. указ. коллекц. образцов конопли: с. 27-28 |
| 320 ## - ПРИМЕЧАНИЯ О НАЛИЧИИ В ДОКУМЕНТЕ БИБЛИОГРАФИИ / УКАЗАТЕЛЯ |
| Текст примечания |
Библиогр.: с. 29 (6 назв.) |
| 461 #0 - УРОВЕНЬ НАБОРА |
| Встроенное поле |
001RU\NLR\bibl\166215 |
| -- |
2001#$aКаталог мировой коллекции ВИР$vВып. 778 |
| Системный номер (АБИС) связанной записи |
938135 |
| Автор |
Всероссийский НИИ растениеводства им. Н. И. Вавилова (Санкт-Петербург) |
| Место публикации |
СПб. |
| Дата публикации |
2000 |
| Первые сведения об ответственности |
Рос. акад. с.-х. наук, Гос. науч. центр Рос. Федерации, ВНИИ растениеводства им. Н.И. Вавилова (ВИР) |
| Имя издателя, распространителя и т.д. |
ВИР |
| Заглавие |
Каталог мировой коллекции ВИР |
| Номер тома |
Вып. 778 |
| 606 1# - НАИМЕНОВАНИЕ ТЕМЫ КАК ПРЕДМЕТ |
| Наименование темы |
Конопля |
| Формальный подзаголовок |
Каталоги |
| Тематический подзаголовок |
Коллекции |
| Системный номер авторитетной/нормативной записи |
1411814 |
| Идентификатор авторитетной/нормативной записи |
RU\NLR\auth\66594917 |
| 606 1# - НАИМЕНОВАНИЕ ТЕМЫ КАК ПРЕДМЕТ |
| Наименование темы |
Конопля |
| Формальный подзаголовок |
Каталоги |
| Тематический подзаголовок |
Селекция |
| -- |
Биохимические основы |
| Системный номер авторитетной/нормативной записи |
2507447 |
| Идентификатор авторитетной/нормативной записи |
RU\NLR\auth\661486720 |
| 606 1# - НАИМЕНОВАНИЕ ТЕМЫ КАК ПРЕДМЕТ |
| Наименование темы |
Конопля |
| Формальный подзаголовок |
Каталоги |
| Тематический подзаголовок |
Селекционно-генетические качества |
| Системный номер авторитетной/нормативной записи |
2507449 |
| Идентификатор авторитетной/нормативной записи |
RU\NLR\auth\661486721 |
| 686 ## - ИНДЕКСЫ ДРУГИХ КЛАССИФИКАЦИЙ |
| Индекс |
П216.2л61я26 |
| 686 ## - ИНДЕКСЫ ДРУГИХ КЛАССИФИКАЦИЙ |
| Индекс |
П216.2-272.5я26 |
| 686 ## - ИНДЕКСЫ ДРУГИХ КЛАССИФИКАЦИЙ |
| Индекс |
П216.2-3я26 |
| 702 #1 - ИМЯ ЛИЦА - ВТОРИЧНАЯ ОТВЕТСТВЕННОСТЬ |
| Начальный элемент ввода |
Низова |
| Часть имени, кроме начального элемента ввода |
Г. К. |
| Расширение инициалов личного имени |
Галина Константиновна |
| Код отношения |
Составитель |
| 801 #0 - ИСТОЧНИК ЗАПИСИ |
| Страна |
Российская Федерация |
| Организация |
NLR |
| Дата составления |
20080109 |
| Правила каталогизации |
RCR |
| 801 #1 - ИСТОЧНИК ЗАПИСИ |
| Страна |
Российская Федерация |
| Организация |
NLR |
| Дата составления |
20080109 |
| 942 ## - ДОПОЛНИТЕЛЬНЫЕ ЭЛЕМЕНТЫ ЗАПИСИ (АБИС) |
| Тип экземпляра АБИС |
Книга |
| 980 ## - КОЛЛЕКЦИЯ |
| Название коллекции |
Национальная библиография |